Maths pour les nuls #1 - Statistiques

Statistiques générales
  • Ce quiz a été pris 891 fois
  • Le résultat moyen est 49 sur 50
Statistiques - réponses
Hint Réponse % Correct
1+1 2
100%
1+2 3
100%
2+1 3
100%
1+9 10
99%
2+8 10
99%
3+7 10
99%
4+6 10
99%
5+5 10
99%
1+10 11
99%
2+9 11
99%
3+8 11
99%
4+7 11
99%
5+6 11
99%
2+10 12
99%
3+9 12
99%
4+8 12
99%
5+7 12
99%
1+3 4
99%
2+2 4
99%
3+1 4
99%
1+4 5
99%
2+3 5
99%
3+2 5
99%
4+1 5
99%
1+5 6
99%
2+4 6
99%
3+3 6
99%
4+2 6
99%
5+1 6
99%
1+6 7
99%
2+5 7
99%
3+4 7
99%
4+3 7
99%
5+2 7
99%
1+7 8
99%
2+6 8
99%
3+5 8
99%
4+4 8
99%
5+3 8
99%
1+8 9
99%
2+7 9
99%
3+6 9
99%
4+5 9
99%
5+4 9
99%
3+10 13
98%
4+9 13
98%
5+8 13
98%
4+10 14
98%
5+9 14
98%
5+10 15
98%
Aucun quiz correspondant
Distribution des résultats
% des personnes avec chaque résultat
Percentile par nombre de réponses
Votre historique - résultats
Vous n’avez pas pris ce quiz